Summer of fire : (Record no. 3211)

MARC details
000 -LEADER
fixed length control field 01442cam a2200385 a 4500
001 - CONTROL NUMBER
control field 3211
003 - CONTROL NUMBER IDENTIFIER
control field FISKH
005 - DATE AND TIME OF LATEST TRANSACTION
control field 20250423122222.0
008 - FIXED-LENGTH DATA ELEMENTS--GENERAL INFORMATION
fixed length control field 901029s1991 nyua j b 001 0 eng
010 ## - LIBRARY OF CONGRESS CONTROL NUMBER
LC control number 90023032
020 ## - INTERNATIONAL STANDARD BOOK NUMBER
International Standard Book Number 053105943X :
020 ## - INTERNATIONAL STANDARD BOOK NUMBER
International Standard Book Number 0531085430 (lib.)
020 ## - INTERNATIONAL STANDARD BOOK NUMBER
International Standard Book Number 9780590489461
040 ## - CATALOGING SOURCE
Original cataloging agency DLC
Transcribing agency DLC
Modifying agency DLC
Language of cataloging eng
042 ## - AUTHENTICATION CODE
Authentication code lcac
043 ## - GEOGRAPHIC AREA CODE
Geographic area code n-us-wy
-- n-us-mt
-- n-us-id
050 00 - LIBRARY OF CONGRESS CALL NUMBER
Classification number SD421.32.Y45
Item number L38 1991
082 00 - DEWEY DECIMAL CLASSIFICATION NUMBER
Classification number 581.5/2642
Edition number 20
100 1# - MAIN ENTRY--PERSONAL NAME
Personal name Lauber, Patricia.
245 10 - TITLE STATEMENT
Title Summer of fire :
Remainder of title Yellowstone 1988 /
Statement of responsibility, etc. by Patricia Lauber.
260 ## - PUBLICATION, DISTRIBUTION, ETC.
Place of publication, distribution, etc. New York :
Name of publisher, distributor, etc. Scholastic,
Date of publication, distribution, etc. 1991.
300 ## - PHYSICAL DESCRIPTION
Extent 64 pages :
Other physical details color illustrations ;
Dimensions 27 cm
504 ## - BIBLIOGRAPHY, ETC. NOTE
Bibliography, etc. note Includes bibliographical references (p. 61) and index.
520 ## - SUMMARY, ETC.
Summary, etc. Describes the season of fire that struck Yellowstone in 1988, and examines the complex ecology that returns plant and animal life to a seemingly barren, ash-covered expanse.
650 #0 - SUBJECT ADDED ENTRY--TOPICAL TERM
Topical term or geographic name entry element Forest fires
Geographic subdivision Yellowstone National Park
General subdivision Juvenile literature.
650 #0 - SUBJECT ADDED ENTRY--TOPICAL TERM
Topical term or geographic name entry element Forest ecology
Geographic subdivision Yellowstone National Park
General subdivision Juvenile literature.
650 #1 - SUBJECT ADDED ENTRY--TOPICAL TERM
Topical term or geographic name entry element Forest fires
Geographic subdivision Yellowstone National Park.
650 #1 - SUBJECT ADDED ENTRY--TOPICAL TERM
Topical term or geographic name entry element Fire ecology.
650 #1 - SUBJECT ADDED ENTRY--TOPICAL TERM
Topical term or geographic name entry element Ecology.
650 #1 - SUBJECT ADDED ENTRY--TOPICAL TERM
Topical term or geographic name entry element National parks and reserves.
651 #0 - SUBJECT ADDED ENTRY--GEOGRAPHIC NAME
Geographic name Yellowstone National Park
General subdivision Juvenile literature.
651 #1 - SUBJECT ADDED ENTRY--GEOGRAPHIC NAME
Geographic name Yellowstone National Park.
906 ## - LOCAL DATA ELEMENT F, LDF (RLIN)
a 7
b cbc
c orignew
d 1
e ocip
f 19
g y-gencatlg
942 ## - ADDED ENTRY ELEMENTS (KOHA)
Source of classification or shelving scheme Dewey Decimal Classification
Koha item type Books
Suppress in OPAC No
Holdings
Withdrawn status Lost status Source of classification or shelving scheme Damaged status Not for loan Collection Home library Current library Shelving location Date acquired Total Checkouts Full call number Barcode Date last seen Copy number Price effective from Koha item type
    Dewey Decimal Classification     Non-Fiction Footprints International School Library Network Toul Kork Campus Footprints International School Library Network Toul Kork Campus   02/19/2024   LAU 581.5 SD421.Y45 FISSE00859 02/19/2024 1 02/19/2024 Books
    Dewey Decimal Classification     Non-Fiction Footprints International School Library Network Toul Tom Poung Campus Footprints International School Library Network Toul Tom Poung Campus TTP Secondary Non-Fiction Bookshelves 04/22/2025   LAU 581.5 SD421.Y45 FIS04808 04/22/2025 2 04/22/2025 Books